000 00345nam a2200157Ia 4500
100 _aNaidu/M.S/ Kamakshaiah S
650 _aElectrical Engineering
942 _cBK
366 _f20
245 _aIntroduction to Electrical engineering
260 _bMcGraw Hill
_c1995
082 _bNAI
300 _a741
546 _aENGLISH
999 _c27551
_d27551